000
00255nam a2200097Ia 4500
001
668094
005
20250826160342.0
008
250824s9999 xx 000 0 und d
245
0
_a
Ece Yüce/Çok Gülünç Bir Şey Oldu
_c
Gülten Dayıoğlu
260
_b
ALTIN
999
_c
668094
_d
668094